Most Popular Sports in Each Country with a Map - Statistics

General Stats
  • This quiz has been taken 192 times
  • The average score is 186 of 196
Answers on the Map
Answers color-coded by a green-red scale on the quiz's map according to % correct below.
 
Answer Stats
Country % Correct
Football
100%
Cricket
95%
Hockey
94%
American Football
91%
Baseball
89%
Basketball
88%
Rugby
87%
Wrestling
59%
Archery
40%
Boxing
37%
Volleyball
23%
Track and Field
19%
Water Polo
18%
Cycling
14%
Kok Boru
3%
No matching quizzes found
Score Distribution
Percent of People with Each Score
Percentile by Number Answered
Your Score History
You have not taken this quiz